| 000 | 00612nam a2200205 a 4500 | ||
|---|---|---|---|
| 001 | ASIN8130915324 | ||
| 005 | 20170105102849.0 | ||
| 008 | 130820s2011 xxu eng d | ||
| 020 | _a8130915324 (hardcover) | ||
| 020 | _a9788130915326 (hardcover) | ||
| 040 | _a0 | ||
| 082 | _a327.172 | ||
| 100 | 1 | _aMcElwee, Timothy A. | |
| 245 | 1 | 0 |
_aPeace, justice and security studies / _cTimothy A. McElwee. |
| 250 | _a7th ed. | ||
| 260 |
_a[S.l.] : _bViva Books, _c2011. |
||
| 300 | _a1 v. (unpaged) | ||
| 856 | 4 | 0 |
_3Amazon.com _uhttp://www.amazon.com/exec/obidos/ASIN/8130915324/chopaconline-20 |
| 942 |
_2ddc _cBK |
||
| 999 |
_c14177 _d14177 |
||